000 01331nam a2200265Ia 4500
999 _c40476
_d40476
001 7087
003 GE_BSU
005 20231030112536.0
008 181216s2011||||ge |||||||||||||| ||geo||
020 _a9789941152931
040 _cGE_BSU
041 _ageo
080 _a821.111(73)-32 ა-57
245 _aამერიკული მოთხრობები = AMERICAN SHORT STORIES :
_bანთოლოგია
_cშემდგ. ბაკურ სულაკაური ; რედ. : თეა ქიტოშვილი, რუსუდან გიორგაძე.
264 _aთბილისი :
_bბაკურ სულაკაურის გამ-ბა,
_c2011.
300 _a397გვ. ;
_c23 სმ.
500 _aყდაზე : გრანტ ვულდის ნახატი ,,ამერიკული გოთიკა"
541 _h17ლ.
653 _aამერიკული მოთხრობები
653 _aანთოლოგია
700 _aსულაკაური, ბაკურ
_eშემდგენელი
_913805
700 _aქიტოშვილი, თეა
_eრედაქტორი
_920264
700 _a გიორგაძე, რუსუდან
_eრედაქტორი
_920265
942 _cBK
_2udc